Calculus. (Record no. 3805)

MARC details
005 - DATE AND TIME OF LATEST TRANSACTION
control field 20250612061320.0
020 ## - INTERNATIONAL STANDARD BOOK NUMBER
International Standard Book Number ISBN0471-23119-3
082 ## - DEWEY DECIMAL CLASSIFICATION NUMBER
Classification number 515SAL
100 ## - MAIN ENTRY--PERSONAL NAME
Author name Calculus
245 ## - TITLE STATEMENT
Title Calculus.
250 ## - EDITION STATEMENT
Edition statement 9th Ed,
260 ## - PUBLICATION, DISTRIBUTION, ETC.
Place of publication, distribution, etc. USA,
Name of publisher, distributor, etc. New York,
Date of publication, distribution, etc. 2003.
300 ## - PHYSICAL DESCRIPTION
Extent xv, 704p.; ill.; figure, table
Other physical details Appendix, Index
Dimensions 27cm 26cm
700 ## - ADDED ENTRY--PERSONAL NAME
Other authors/Editors JOHN WILLEY & SONS, INC.
942 ## - ADDED ENTRY ELEMENTS (KOHA)
Source of classification or shelving scheme Dewey Decimal Classification
Koha item type Books
Holdings
Date last seen Total checkouts Full call number Barcode Cost, replacement price Price effective from Koha item type Lost status Source of classification or shelving scheme Damaged status Not for loan Withdrawn status Home library Current library Shelving location Date acquired Source of acquisition Cost, normal purchase price
06/12/2025   515SAL DOOM926 30000.00 06/12/2025 Books   Dewey Decimal Classification       CBE Dodoma CBE Dodoma General Collection 12/05/2008 DONATION 10000.00
06/12/2025   515SAL DOM000925 30000.00 06/12/2025 Books   Dewey Decimal Classification       CBE Dodoma CBE Dodoma General Collection 06/12/2025   10000.00
06/12/2025   515SAL DOM000927 30000.00 06/12/2025 Books   Dewey Decimal Classification       CBE Dodoma CBE Dodoma General Collection 06/12/2025   10000.00